01907cam a2200241 a 450000500170000000800410001702000180005804000520007604100080012806000110013624500830014726000470023030000450027749000310032250400530035350511040040665000160151065000130152665000370153965000270157670000330160370000290163620180622113027.0921030s1993 enkab frn 001 0 eng d a9780412400001 aCo-BoUCMbspacJavier GarzóndDiana Londoño0 aeng00aQX 50000aMedical insects and arachnidsceditado por Richard P. Lane y Roger W. Crosskey aLondres (Inglaterra)bChapman & Hallc1993 axv, 723 páginasbilustraciones y mapas0 aThe natural history museum aIncluye referencias bibliográficas e índices0 aGeneral introduction / R.P. Lane and R.W. Crosskey -- Introduction to the arthropods / R.P. Lane -- Diptera -- Introduction to the diptera / R.W. Crosskey -- Sandflies (Phlebotominae) / R.P. Lane -- Mosquitoes (Culicidae) / M.W. Service -- Blackflies (Simuliidae) / R.W. Crosskey -- Biting midges (Ceratopogonidae) / John Boorman -- Horse-flies, deer-flies and clegs (Tabanidae) / John E. Chainey -- Tsetse-flies (Glossinidae) / A.M. Jordan -- Stable-flies and horn-flies (bloodsucking Muscidae) / R.W. Crosskey -- House-flies, blow-flies and their allies (calyptrate Diptera) / R.W. Crosskey and R.P. Lane -- Diptera causing myiasis in man / Martin J.R. Hall and Kenneth G.V. Smith -- Other insects -- Cockroaches (Blattaria) / N.R.H. Burgess -- Bedbugs and kissing-bugs (bloodsucking Hemiptera) / C.J. Schofield and W.R. Dolling -- Lice (Anoplura) / Joanna Ibarra -- Fleas (Siphonaptera) / Robert E. Lewis -- Insects of minor medical importance / Kenneth G.V. Smith -- Arachnids -- Ticks and mites (Acari) / M.R.G. Varma -- Spiders and scorpions (Araneae and scorpiones) / J.L. Cloudsley-Thompson. 0aArácnidos 0aInsectos 7aAcarologia medica e veterinaria. 7aEntomología2larpcal1 aCrosskey, Roger Wardeeditor1 aLane, Richard P.eeditor